<?xml version="1.0" encoding="UTF-8"?>
<collection xmlns="http://www.loc.gov/MARC21/slim">
 <record>
  <leader>03211nam a22002177a 4500</leader>
  <controlfield tag="001">NCT_145051</controlfield>
  <controlfield tag="008">230325b        xxu||||| |||| 00| 0 vie d</controlfield>
  <datafield tag="999" ind1=" " ind2=" ">
   <subfield code="c">7471</subfield>
   <subfield code="d">7471</subfield>
  </datafield>
  <datafield tag="020" ind1=" " ind2=" ">
   <subfield code="a">9786043282160</subfield>
   <subfield code="c">90000</subfield>
  </datafield>
  <datafield tag="082" ind1="0" ind2="4">
   <subfield code="2">23rd ed.</subfield>
   <subfield code="a">728</subfield>
   <subfield code="b">H531</subfield>
  </datafield>
  <datafield tag="245" ind1="0" ind2="0">
   <subfield code="a">Phong thủy thực hành trong xây dựng và kiến trúc nhà ở :</subfield>
   <subfield code="b">Phong thủy &amp; các cách hóa giải</subfield>
   <subfield code="c">Vũ Đức Huynh (Biên soạn)</subfield>
  </datafield>
  <datafield tag="260" ind1=" " ind2=" ">
   <subfield code="a">H.</subfield>
   <subfield code="b">Hồng Đức</subfield>
   <subfield code="c">2021</subfield>
  </datafield>
  <datafield tag="300" ind1=" " ind2=" ">
   <subfield code="a">352 tr.</subfield>
   <subfield code="b">minh họa</subfield>
   <subfield code="c">21 cm</subfield>
  </datafield>
  <datafield tag="520" ind1="3" ind2=" ">
   <subfield code="a">Phong thuỷ là nghệ thuật cân bằng môi trường sống của người phương Đông. Trên thực tế, phong thuỷ hoàn toàn mang tính khách quan, tính quy luật, tính nhất quán và khả năng dự báo, có tác dụng cải biến vận mệnh, là nhân tố quyết định sự thành bại. Ứng dụng quan điểm phong thủy vào trong thiết kế, xây dựng và bố trí nhà là việc làm hết sức cần thiết, ngôi nhà được xây dựng hợp phong thủy sẽ tạo điều kiện thuận lợi cho nguồn sinh khí tràn ngập không gian sống, giúp các thành viên trong gia đình vui khỏe, tinh thần trở nên phấn chấn, từ đó ảnh hưởng tích cực đến công việc và sự nghiệp. Vậy theo phong thủy, một khu đất như thế nào là đẹp? Các tác nhân nào của môi trường có lợi và bất lợi, những hình khối kiến trúc nào là tốt lành cho ngôi nhà? Hướng nhà tốt cho từng tuổi theo phép phong thủy? Động thổ và sửa chữa nhà như thế nào cho hợp phong thủy? Cách bố trí nội thất và sử dụng màu sắc cho ngôi nhà? Cuốn sách &quot;Phong thủy thực hành trong xây dựng và kiến trúc nhà ở&quot; sẽ cung cấp cho độc giả những kiến thức cơ bản, có giá trị thiết thực giúp chủ nhân và những người tham gia thiết kế, xây dựng ngôi nhà có cách thức phát huy những ưu điểm, hoá giải những bất lợi của tự nhiên để tạo ra một môi trường sống lý tưởng, tạo điều kiện thuận lợi giúp ngôi nhà đón được dòng sinh khí tốt, thực sự là &quot;tổ ấm&quot;, là &quot;nơi ước đến, chốn mong về&quot; của mỗi thành viên trong gia đình.</subfield>
  </datafield>
  <datafield tag="653" ind1=" " ind2=" ">
   <subfield code="a">Kiến trúc</subfield>
  </datafield>
  <datafield tag="653" ind1=" " ind2=" ">
   <subfield code="a">Kỹ thuật Công trình Xây dựng</subfield>
  </datafield>
  <datafield tag="700" ind1="1" ind2=" ">
   <subfield code="a">Vũ Đức Huynh</subfield>
   <subfield code="e">Biên soạn</subfield>
  </datafield>
  <datafield tag="942" ind1=" " ind2=" ">
   <subfield code="2">ddc</subfield>
   <subfield code="c">BK</subfield>
  </datafield>
  <datafield tag="952" ind1=" " ind2=" ">
   <subfield code="0">0</subfield>
   <subfield code="1">0</subfield>
   <subfield code="2">ddc</subfield>
   <subfield code="4">0</subfield>
   <subfield code="6">728_000000000000000_H531</subfield>
   <subfield code="7">0</subfield>
   <subfield code="9">26856</subfield>
   <subfield code="a">000001</subfield>
   <subfield code="b">000001</subfield>
   <subfield code="d">2023-03-25</subfield>
   <subfield code="o">728 H531</subfield>
   <subfield code="p">MD.21320</subfield>
   <subfield code="r">2023-03-25</subfield>
   <subfield code="v">90000.00</subfield>
   <subfield code="w">2023-03-25</subfield>
   <subfield code="y">BK</subfield>
  </datafield>
  <datafield tag="952" ind1=" " ind2=" ">
   <subfield code="0">0</subfield>
   <subfield code="1">0</subfield>
   <subfield code="2">ddc</subfield>
   <subfield code="4">0</subfield>
   <subfield code="6">728_000000000000000_H531</subfield>
   <subfield code="7">0</subfield>
   <subfield code="9">26857</subfield>
   <subfield code="a">000001</subfield>
   <subfield code="b">000001</subfield>
   <subfield code="d">2023-03-25</subfield>
   <subfield code="o">728 H531</subfield>
   <subfield code="p">MD.21321</subfield>
   <subfield code="r">2023-03-25</subfield>
   <subfield code="v">90000.00</subfield>
   <subfield code="w">2023-03-25</subfield>
   <subfield code="y">BK</subfield>
  </datafield>
  <datafield tag="980" ind1=" " ind2=" ">
   <subfield code="a">Thư viện Trường Đại học Nam Cần Thơ</subfield>
  </datafield>
 </record>
</collection>
